|
|
|
|
| LEADER |
01980nam a2200445 i 4500 |
| 001 |
EBC1644360 |
| 003 |
MiAaPQ |
| 005 |
20200520144314.0 |
| 006 |
m o d | |
| 007 |
cr cnu|||||||| |
| 008 |
141003t20142014nyua ob 001 0 eng d |
| 020 |
|
|
|z 9781782384274
|
| 020 |
|
|
|a 9781782384281
|q (electronic bk.)
|
| 035 |
|
|
|a (MiAaPQ)EBC1644360
|
| 035 |
|
|
|a (Au-PeEL)EBL1644360
|
| 035 |
|
|
|a (CaPaEBR)ebr10934950
|
| 035 |
|
|
|a (CaONFJC)MIL646511
|
| 035 |
|
|
|a (OCoLC)891188488
|
| 040 |
|
|
|a MiAaPQ
|b eng
|e rda
|e pn
|c MiAaPQ
|d MiAaPQ
|
| 050 |
|
4 |
|a HB851
|b .W56 2014
|
| 082 |
0 |
|
|a 304.609/04
|2 23
|
| 245 |
0 |
2 |
|a A world of populations :
|b transnational perspectives on demography in the twentieth century /
|c edited by Heinrich Hartmann and Corinna R. Unger ; Maria Dornemann [and nine others], contributors.
|
| 264 |
|
1 |
|a New York ;
|a Oxford, England :
|b Berghahn Books,
|c 2014.
|
| 264 |
|
4 |
|c 2014
|
| 300 |
|
|
|a 1 online resource (259 pages) :
|b illustrations
|
| 336 |
|
|
|a text
|2 rdacontent
|
| 337 |
|
|
|a computer
|2 rdamedia
|
| 338 |
|
|
|a online resource
|2 rdacarrier
|
| 504 |
|
|
|a Includes bibliographical references at the end of each chapters and index.
|
| 588 |
|
|
|a Description based on print version record.
|
| 590 |
|
|
|a Electronic reproduction. Ann Arbor, MI : ProQuest, 2015. Available via World Wide Web. Access may be limited to ProQuest affiliated libraries.
|
| 650 |
|
0 |
|a Demography
|x History
|y 20th century.
|
| 650 |
|
0 |
|a Population.
|
| 655 |
|
4 |
|a Electronic books.
|
| 700 |
1 |
|
|a Hartmann, Heinrich,
|d 1977-
|e editor.
|
| 700 |
1 |
|
|a Unger, Corinna R.,
|e editor.
|
| 700 |
1 |
|
|a Dornemann, Maria,
|e contributor.
|
| 776 |
0 |
8 |
|i Print version:
|t World of populations : transnational perspectives on demography in the twentieth century.
|d New York ; Oxford, England : Berghahn Books, c2014
|h vi, 251 pages
|z 9781782384274
|w 2014009543
|
| 797 |
2 |
|
|a ProQuest (Firm)
|
| 856 |
4 |
0 |
|u https://ebookcentral.proquest.com/lib/matrademy/detail.action?docID=1644360
|z Click to View
|